AFLW Premiers - Statistics

General Stats
  • This quiz has been taken 66 times
    14 since last reset
  • The average score is 6 of 9
Answer Stats
Year Answer % Correct
2025 North Melbourne
83%
2017 Adelaide
75%
2023 Brisbane
75%
2024 North Melbourne
67%
2019 Adelaide
58%
2022 - 1 Adelaide
58%
2018 Western Bulldogs
58%
2021 Brisbane
50%
2022 - 2 Melbourne
50%
No matching quizzes found
Score Distribution
Percent of People with Each Score
Percentile by Number Answered
Your Score History
You have not taken this quiz since the last reset